Top 50 goalscorers of the premier league Quiz Stats

 Plays Quiz not verified by Sporcle

Challenge
Share
Tweet
Embed
Score 0/50 Timer 07:00
0 Plays Today
how many goals they have scored Name % Correct
174Thierry Henry
90.8%
106Wayne Rooney
90.3%
260Alan Shearer
88.2%
84Didier Drogba
88.2%
129Frank Lampard
87.2%
62David Beckham
84.6%
103Ryan Giggs
83.1%
80Steven Gerrard
82.1%
101Paul Scholes
81.5%
147Michael Owen
79%
84Cristiano Ronaldo
79%
187Andrew Cole
77.9%
121Roy Keane
76.9%
163Robbie Fowler
70.3%
123Dwight Yorke
68.7%
97Jermain Defoe
68.7%
106Emile Heskey
67.7%
74Darren Bent
66.7%
147Teddy Sheringham
66.2%
116Nicolas Anelka
65.6%
74Kevin Davies
64.6%
62Robert Pires
60%
113Ian Wright
59.5%
127Jimmy Floyd Hasselbaink
56.9%
149Les Ferdinand
56.4%
how many goals they have scored Name % Correct
95Ruud Van Nistelrooy
55.9%
87Dennis Bergkamp
55.9%
91Kevin Phillips
54.4%
60Emmanuel Adebayor
52.3%
73Craig Bellamy
49.2%
70Eric Cantona
49.2%
111Dion Dublin
46.2%
91Ole Gunnar Solskjaer
44.1%
74Louis Saha
42.6%
78Aiyegbeni Yakubu
37.9%
83Chris Sutton
35.4%
101Matt Le Tissier
33.8%
92Mark Viduka
32.3%
64Mark Hughes
31.8%
92James Beattie
30.3%
70Duncan Ferguson
30.3%
82Kevin Campbell
21.5%
81Gary Speed
19.5%
78Tony Cottee
13.8%
62Stan Collymore
13.8%
67Paulo Di Canio
13.3%
59Peter Beardsley
12.3%
71Chris Armstrong
11.8%
71Brian Deane
11.8%
63Dean Holdsworth
9.7%

You're not logged in!

Compare scores with friends on all Sporcle quizzes.
Join for Free
OR
Log In

You Might Also Like...

Show Comments

Extras

Top Quizzes Today


Score Distribution

Your Account Isn't Verified!

In order to create a playlist on Sporcle, you need to verify the email address you used during registration. Go to your Sporcle Settings to finish the process.

Report this User

Report this user for behavior that violates our Community Guidelines.

Details: